نزار قباني حياته و شعره / (رقم التسجيلة. 3832)

تفاصيل مارك
000 -LEADER
fixed length control field 00513nam a22001817a 4500
005 - DATE AND TIME OF LATEST TRANSACTION
control field 20251108164116.0
008 - FIXED-LENGTH DATA ELEMENTS--GENERAL INFORMATION
fixed length control field 250721s2009 xx 000 0 ara d
082 14 - DEWEY DECIMAL CLASSIFICATION NUMBER
Classification number 811.9561/درا
100 1# - MAIN ENTRY--PERSONAL NAME
Personal name الدراويش، عبد الفتاح
245 10 - TITLE STATEMENT
Title نزار قباني حياته و شعره /
264 1# - PRODUCTION, PUBLICATION, DISTRIBUTION, MANUFACTURE, AND COPYRIGHT NOTICE
Place of production, publication, distribution, manufacture عمان :
Name of producer, publisher, distributor, manufacturer الأهلية،
Date of production, publication, distribution, manufacture, or copyright notice 2009.
300 ## - PHYSICAL DESCRIPTION
Extent 567ص.
490 0# - SERIES STATEMENT
Series statement شعراء أعلام
650 17 - SUBJECT ADDED ENTRY--TOPICAL TERM
Topical term or geographic name as entry element الشعر الحديث
650 17 - SUBJECT ADDED ENTRY--TOPICAL TERM
Topical term or geographic name as entry element الشعراا
942 ## - ADDED ENTRY ELEMENTS (KOHA)
Source of classification or shelving scheme Dewey Decimal Classification
Koha item type كتب
المقتنيات
حالة السحب حالة الفقدان مصدر التصنيف حالة التلف غير قابل للإعارة المكتبة الرئيسية المكتبة الحالية موقع الرف تاريخ التزويد الرقم المتسلسل Total Checkouts رقم الإستدعاء تاريخ آخر ظهور تاريخ الفاتورة نوع المادة (كوها) الباركود
    Dewey Decimal Classification     المكتبة المركزية المكتبة المركزية مقتنيات قسم التزويد 28/07/2025 1266180   811.9561/درا 28/07/2025 28/07/2025 كتب  
    Dewey Decimal Classification     المكتبة المركزية المكتبة المركزية مقتنيات قسم التزويد 10/03/2009 1266181   811.9561/درا 28/07/2025 10/03/2009 كتب PLD00077045
    Dewey Decimal Classification     مكتبة أبو علندا العامة مكتبة أبو علندا العامة الإعارة 10/03/2009 1266182   811.9561/درا 28/07/2025 10/03/2009 كتب PLD00077044
    Dewey Decimal Classification     مكتبة أم قصير والمقابلين العامة مكتبة أم قصير والمقابلين العامة الإعارة 10/03/2009 1266189   811.9561/درا 28/07/2025 10/03/2009 كتب PLD00077052
    Dewey Decimal Classification     مكتبة الأميرة ايمان العامة مكتبة الأميرة ايمان العامة الإعارة 10/03/2009 1266183   811.9561/درا 28/07/2025 10/03/2009 كتب PLD00077046
    Dewey Decimal Classification     مكتبة الاميرة بديعة مكتبة الاميرة بديعة الإعارة 10/03/2009 1266184   811.9561/درا 28/07/2025 10/03/2009 كتب PLD00077047
    Dewey Decimal Classification     مكتبة الجويدة مكتبة الجويدة الإعارة 10/03/2009 1266185   811.9561/درا 28/07/2025 10/03/2009 كتب PLD00077048
    Dewey Decimal Classification     مكتبة النصر العامة مكتبة النصر العامة الإعارة 10/03/2009 1266187   811.9561/درا 28/07/2025 10/03/2009 كتب PLD00077050
    Dewey Decimal Classification     مكتبة مرج الحمام مكتبة مرج الحمام الإعارة 10/03/2009 1266193   811.9561/درا 28/07/2025 10/03/2009 كتب PLD00077056
    Dewey Decimal Classification     مكتبة وادي السير العامة مكتبة وادي السير العامة الإعارة 10/03/2009 1266195   811.9561/درا 28/07/2025 10/03/2009 كتب PLD00077058
Implemented & Customized by: BBB with SCIT (Smart Chains for Information Technology)

Powered by Koha